Thuật ngữ địa lý Pháp - Việt - Việt - Pháp dùng trong nhà trường

সংরক্ষণ করুন:
গ্রন্থ-পঞ্জীর বিবরন
প্রধান লেখক: Phan Huy Xu (Tác giả)
অন্যান্য লেখক: Quách Thanh Tâm Phan Huy Xu
বিন্যাস: গ্রন্থ
ভাষা:Vietnamese
প্রকাশিত: Tp. Hồ Chí Minh Đại học Quốc gia 2002
বিষয়গুলি:
ট্যাগগুলো: ট্যাগ যুক্ত করুন
কোনো ট্যাগ নেই, প্রথমজন হিসাবে ট্যাগ করুন!
Thư viện lưu trữ: Mạng thư viện Đại học Đà Nẵng
LEADER 01146nam a2200349 4500
001 000008836
003 5029
005 20111021151030.0
008 111021s2002 viesd
020 |c 27000đ 
041 0 |a vie 
082 |a 910.3  |b PH-X 
100 0 |a Phan Huy Xu  |e Tác giả 
245 0 |a Thuật ngữ địa lý Pháp - Việt - Việt - Pháp dùng trong nhà trường  |c Phan Huy Xu; Quách Thanh Tâm 
260 |a Tp. Hồ Chí Minh  |b Đại học Quốc gia  |c 2002 
300 |c 19 cm 
653 |a Thuật Ngữ 
653 |a Địa lý 
653 |a Pháp - Việt 
653 |a Việt - Pháp 
700 |a Quách Thanh Tâm  |a Phan Huy Xu 
910 |a duyên 
OWN |a LSP 
AVA |a UDN50  |b LSP  |d 910.3 PH-X  |e available  |t Error 5001 Not defined in file expand_doc_bib_avail.  |f 5  |g 1  |h N  |i 0  |k 1 
999 |a From the UDN01 
AVA |a UDN50  |b LSP  |d 910.3 PH-X  |e available  |t Error 5001 Not defined in file expand_doc_bib_avail.  |f 5  |g 1  |h N  |i 0  |k 1 
TYP |a Monograph 
TYP |a Printed language 
980 |a Mạng thư viện Đại học Đà Nẵng